000 00385nam a2200145Ia 4500
008 220216s9999 xx 000 0 und d
100 _aBristow G M
245 0 _aProperties of black-loaded vulcanizates of skim natural rubber
260 _bRubber Developments
_c1992
300 _a20-31
650 _aNatural rubber
650 _aSkim rubber
650 _aVulcanizate
942 _cJS
999 _c65975
_d65975